| 000 | 00839nam a2200229 a 4500 | ||
|---|---|---|---|
| 001 | 84231 | ||
| 003 | BD-RjUL | ||
| 005 | 20241104115828.0 | ||
| 008 | 241104s2024 bg ||||| |||| 00| 0 ben d | ||
| 020 | _a9789849452249 | ||
| 035 | _a(BD-RjUL)84231 | ||
| 040 |
_aBD-RjUL _beng _cBD-RjUL |
||
| 041 | _aben | ||
| 082 |
_223 _a891.444 _bAHB 2024 |
||
| 100 |
_aআহসান, নিলুফা _914100 |
||
| 245 |
_aবাংলাদেশের প্রবন্ধে সাহিত্যচিন্তা / _cনিলুফা আহসান |
||
| 260 |
_aঢাকা : _bভাষাপ্রকাশ, _c২০২৪ |
||
| 300 |
_a৩০৪ পৃ.; _c২২ সেমি. |
||
| 650 |
_aবাংলা সাহিত্য _vপ্রবন্ধ _912096 |
||
| 650 |
_aBengali Literature _vEssays _92331 |
||
| 942 |
_2ddc _cBK |
||
| 999 |
_c84231 _d84231 |
||